000 00609nam a2200193Ia 4500
003 LDD
008 190117s9999 xx 000 0 und d
020 _a8173153825
_c₹125
040 _cLDD
041 _ahi
082 _a891.433 प64592वी
100 _aपरमानंद
245 0 _aवीर वैरागी
_cपरमानंद
260 _aदिल्ली
_bप्रभात प्रकाशन
_c2002
300 _a117 पृ.
901 _aOB 00
904 _aReqst by : Jagannathan, Neela (Dr.
942 _2ddc
_cH
999 _c162893
_d162893